Data dictionary : implementation, use, and maintenance /

Bibliographic Details
Main Author: Narayan, Rom, 1949-
Format: Book
Language:English
Published: Englewood Cliffs, N.J. : Prentice Hall, [1988]
Series:Prentice Hall mainframe software series.
Subjects:

MARC

Tag First Indicator Second Indicator Subfields
LEADER 00000cam a22000008a 4500
001 in00000026132
005 20151007055822.0
008 880209s1988 njua b 00110 eng
010 |a  88004139  
020 |a 0131973517 :  |c $33.75 
035 |a (OCoLC)17546526 
035 |9 AAB9354AM 
040 |a DLC  |c DLC  |d TXA  |d UtOrBLW 
049 |a TXAM  |c [A11075099] 
050 0 0 |a QA76.9.D3  |b N34 1988 
082 0 |a 005.74/2  |2 19 
100 1 |a Narayan, Rom,  |d 1949- 
245 1 0 |a Data dictionary :  |b implementation, use, and maintenance /  |c Rom Narayan. 
263 |a 8805 
264 1 |a Englewood Cliffs, N.J. :  |b Prentice Hall,  |c [1988] 
264 4 |c ©1988 
300 |a xx, 444 pages :  |b illustrations 
336 |a text  |b txt  |2 rdacontent 
337 |a unmediated  |b n  |2 rdamedia 
338 |a volume  |b nc  |2 rdacarrier 
490 1 |a Prentice Hall mainframe software series 
504 |a Bibliography: pages 439-440. 
500 |a Includes index. 
650 0 |a Database management. 
650 0 |a Data dictionaries. 
830 0 |a Prentice Hall mainframe software series. 
999 |a MARS 
999 f f |s 60ef596f-2017-3ed9-8788-0af13d062831  |i c6ed5833-a11a-3b85-9e63-e07d04a1594d  |t 0 
952 f f |p ric  |a Texas A&M University  |b Rellis Campus  |c Joint Library Facility  |d Remote Storage  |t 0  |e QA76.9.D3 N34 1988  |h Library of Congress classification  |i unmediated -- volume  |m A14811075099 
998 f f |a QA76.9.D3 N34 1988  |t 0  |l Remote Storage